Nové výzvy pro ekonomii v globalizujícím se světě, Praha 16. listopadu 2007 sborník z konference

Saved in:
Bibliographic Details
Corporate Author: Nové výzvy pro ekonomii v globalizujícím se světě. Mezinárodní konference
Format: Book
Language:Czech
English
Published: Praha Vysoká škola finanční a správní o.p.s. 2008
Series:EUPRESS
Subjects:
Tags: Add Tag
No Tags, Be the first to tag this record!

MARC

LEADER 00000nlm$a2200000$$$4500
001 0078573
005 20240213104920.1
020 |a 978-80-86754-97-0 
041 0 |a cze 
041 0 |a eng 
044 |a CZ 
245 1 0 |a Nové výzvy pro ekonomii v globalizujícím se světě, Praha 16. listopadu 2007  |b sborník z konference 
264 1 |a Praha  |b Vysoká škola finanční a správní o.p.s.  |c 2008 
300 |a CD-ROM 
490 1 |a EUPRESS 
830 0 |a EUPRESS 
610 2 0 |a politika finančná 
610 2 0 |a politika fiškálna 
610 2 0 |a globalizácia 
610 2 0 |a stabilita finančná 
610 2 0 |a financie 
610 2 0 |a likvidita 
610 2 0 |a stratégia hospodárska 
610 2 0 |a euro 
110 2 |a Nové výzvy pro ekonomii v globalizujícím se světě. Mezinárodní konference